| 000 | 01698cam a22003974i 4500 | ||
|---|---|---|---|
| 003 | PE-LiUPU | ||
| 005 | 20250731183426.0 | ||
| 008 | 150706s r 000 0 d | ||
| 035 | _a(Sirsi) a49045 | ||
| 040 |
_aPE-LiUPU _bspa _cPE-LiUPU _erda |
||
| 049 | _aPRUA | ||
| 082 | 0 | 4 |
_a783 _bS79 _221 |
| 100 | 1 |
_aStefani, Wolfgang Hans Martin Stefani, _eautor. |
|
| 245 | 1 | 0 |
_aMúsica Sacra. Cultura e Adoração / _cWolfgang Hans Martin Stefani. |
| 250 | _a3a | ||
| 264 | 1 |
_aSao Paulo : _bCampus Engenheriro Coelho, _c2006. |
|
| 300 |
_a279 páginas ; _c23 cm. |
||
| 336 |
_atext _2rdacontent |
||
| 337 |
_aunmediated _2rdamedia |
||
| 338 |
_avolume _2rdacarrier |
||
| 504 | _aIncluye bibliografía. | ||
| 505 | 0 | _aMúsica e Adoracao -- Cosmovisao e os determinantes do Estilo Musical -- O conceito de Deus e o Estilo de música sacra: um estudo de polaridade -- O conceito de Deus e o Estilo de música sacra: o contexto cristao ocidental -- Conclusoes paradigmáticas e recomendacoes para estudos extras. | |
| 526 | _aP158 | ||
| 526 | _aP146 | ||
| 526 | _aP17 | ||
| 526 | _aP12 | ||
| 526 | _aP06 | ||
| 650 | 0 | 4 |
_aMusica Sacra _xHistoria. |
| 910 |
_agl _bjv _clch _d20101110 |
||
| 942 |
_2ddc _cBOOK |
||
| 949 |
_a783 S79 _wDEWEY _c1 _i62277 _lCCODEBUL1 _mBUL _p15.00 _r0 _sY _tLIBRO _u2015-07-06 _xTEOLOGIA _PP35 _o.STAFF. Colección General |
||
| 994 |
_aC0 _bPEPRU |
||
| 596 | _a1 | ||
| 999 |
_a783 S79 _wDEWEY _c51350 _i62277 _d51350 _e2022-7-5 _f2021-11-11 _g5 _lCCODEBUL1 _mBUL _n4 _p15.00 _q2 _r0 _sY _tBOOK _u2015-7-6 _xTEOLOGIA _PP35 _0COMPRA _o.STAFF. Colección General |
||
| 980 |
_81 _gALBERTO SANCHEZ Responsable de Automatización |
||